| 000 | 00392nam a2200157Ia 4500 | ||
|---|---|---|---|
| 008 | 230711s9999||||xx |||||||||||||| ||und|| | ||
| 041 | _aENG | ||
| 082 |
_a711.4 _bBE-S |
||
| 100 | _aBedi,Harmit Singh | ||
| 245 | 0 | _aSmart urban rural planning techniques | |
| 250 | _a1st Ed. | ||
| 260 |
_c2016 _aGhaziabad _bCopal Publishing Group |
||
| 300 | _a389p. | ||
| 650 | _aArchitecture | ||
| 942 | _cBK | ||
| 999 |
_c6043 _d6043 |
||